The cabinet in the Commonwealth; (Record no. 3823)

MARC details
000 -LEADER
fixed length control field 00895cam a22002771i 4500
001 - CONTROL NUMBER
control field 7951431
003 - CONTROL NUMBER IDENTIFIER
control field OSt
005 - DATE AND TIME OF LATEST TRANSACTION
control field 20230704133128.0
008 - FIXED-LENGTH DATA ELEMENTS--GENERAL INFORMATION
fixed length control field 820312s1958 nyu 000 0 eng
010 ## - LIBRARY OF CONGRESS CONTROL NUMBER
LC control number 59020701
015 ## - NATIONAL BIBLIOGRAPHY NUMBER
National bibliography number GB58-13892
035 ## - SYSTEM CONTROL NUMBER
System control number (OCoLC)8240971
040 ## - CATALOGING SOURCE
Original cataloging agency DLC
Transcribing agency CtWeharU
Modifying agency Uk
-- DLC
050 00 - LIBRARY OF CONGRESS CALL NUMBER
Classification number JV1071
Item number .W5
082 ## - DEWEY DECIMAL CLASSIFICATION NUMBER
Classification number 354.4
Item number WIS
100 1# - MAIN ENTRY--PERSONAL NAME
Personal name Wiseman, H. Victor
Fuller form of name (Herbert Victor)
245 14 - TITLE STATEMENT
Title The cabinet in the Commonwealth;
Remainder of title post-war developments in Africa, the West Indies, and South-east Asia.
260 ## - PUBLICATION, DISTRIBUTION, ETC. (IMPRINT)
Place of publication, distribution, etc. London,
Name of publisher, distributor, etc. Stevens
Date of publication, distribution, etc. 1958.
300 ## - PHYSICAL DESCRIPTION
Extent 364 p.
Dimensions 23 cm.
504 ## - BIBLIOGRAPHY, ETC. NOTE
Bibliography, etc Includes bibliography.
650 #0 - SUBJECT ADDED ENTRY--TOPICAL TERM
Topical term or geographic name as entry element Cabinet system
Geographic subdivision Commonwealth of Nations.
650 #0 - SUBJECT ADDED ENTRY--TOPICAL TERM
Topical term or geographic name as entry element Constitutional history
Geographic subdivision Commonwealth countries.
651 #0 - SUBJECT ADDED ENTRY--GEOGRAPHIC NAME
Geographic name Great Britain
General subdivision Colonies
-- Administration.
906 ## - LOCAL DATA ELEMENT F, LDF (RLIN)
a 7
b cbc
c oclcrpl
d u
e ncip
f 19
g y-gencatlg
942 ## - ADDED ENTRY ELEMENTS (KOHA)
Source of classification or shelving scheme Dewey Decimal Classification
Koha item type Books
Holdings
Withdrawn status Lost status Source of classification or shelving scheme Damaged status Not for loan Home library Current library Date acquired Total Checkouts Full call number Barcode Date last seen Price effective from Koha item type
    Dewey Decimal Classification     County Hall Archives County Hall Archives 07/04/2023   354.4 WIS 10001168 07/04/2023 07/04/2023 Books
LIBRARY OPENING HOURS

When the Parliament is sitting: 8.00a.m - 7.00p.m or until the house adjourns
Mondays and Fridays and when the House is on Recess:  8.00a.m - 5.00p.m
Closed on Weekends and Public Holidays

Online Public Access Catalog (OPAC)
Website: http://www.parliament.go.ke
Bunge Library: https://libraryir.parliament.go.ke
Contact: library@parliament.go.ke | Tel no: (254-2)2221291 or 2848000 Ext 5043